Government publications on Mesa Verde National Park.

Bibliographic Details
Corporate Author: United States. Department of the Interior. Office of the Secretary
Format: Government Document eBook
Language:English
Published: Washington : U.S. GPO, 1916.
Subjects:
Online Access:Connect to the full text of this electronic document

MARC

Tag First Indicator Second Indicator Subfields
LEADER 00000cam a22000001a 4500
001 in00003701302
005 20190408183020.0
006 m o d f
007 cr bn mmmapmmp
008 040322s1916 dcu o f000 0 eng d
035 |a ebd1910400232 
040 |a UMI  |c UMI  |d UtOrBLW 
086 0 |a I 1.53:M 56/5 
099 |a I1.53-9 
245 0 0 |a Government publications on Mesa Verde National Park. 
264 1 |a Washington :  |b U.S. GPO,  |c 1916. 
300 |a 1 online resource (2 pages) 
336 |a text  |b txt  |2 rdacontent 
337 |a computer  |b c  |2 rdamedia 
338 |a online resource  |b cr  |2 rdacarrier 
500 |a [list]. 
500 |a Record is based on bibliographic data in ProQuest U.S. Executive Branch Documents, 1910-1932. Reuse except for individual research requires license from ProQuest, LLC. 
533 |a Electronic reproduction.  |b [Bethesda, Md.] :  |c ProQuest,  |d 2012.  |e digital, PDF file.  |n ProQuest U.S. Executive Branch Documents, 1910-1932.  |n Mode of access: World Wide Web via ProQuest website. 
538 |a System requirements: PDF reader software. 
500 |a Electronic resource. 
610 1 0 |a United States.  |b Department of the Interior.  |b Office of the Secretary.  |0 http://id.loc.gov/authorities/names/n82158840 
655 7 |a Electronic books.  |2 local 
710 1 |a United States.  |b Department of the Interior.  |b Office of the Secretary.  |0 http://id.loc.gov/authorities/names/n82158840 
776 1 8 |i Microfiche version:  |t Government publications on Mesa Verde National Park  |o CIS US Exec MF I1.53-9  |w (ProQuest)cis19140100 
856 4 0 |u http://proxy.library.tamu.edu/login?url=http://congressional.proquest.com/congressional/docview/t66.d71.i1.53-9  |z Connect to the full text of this electronic document  |t 0 
999 f f |s e9be0e8c-f031-315b-b38f-cdc5adaa4fbe  |i 19c3ef9e-fb81-3aab-9e00-f985af776aa6  |t 0 
952 f f |a Texas A&M University  |b College Station  |c Electronic Resources  |d Available Online  |t 0  |h No information provided 
998 f f |t 0  |l Available Online